000 01247nam a22002297a 4500
001 8504
003 FISKH
005 20250916121732.0
008 250916b cb ||||| |||| 00| 0 eng d
020 _a9781782090960
040 _aFISKH
_beng
_cFISKH
_dFISKH
082 _a 590
100 _aParker, Steve
245 _aMy top 20 weird animals /
_cSteve Parker
250 _aThis edition published in 2013
260 _aUnited Kingdom :
_bMiles Kelly,
_c2010
300 _a40 pages :
_bcolor illustrations ;
_c28 cm
520 _aWhat could a male Jackson's chameleon need three horns for besides fighting? Actually, this odd-looking animal has horns to scare predators and attract females more than defense. Some animals' bodies can lead readers to question the purpose of their weird features. This book has the answers they're looking for. From how the echidna uses its spines to keep predators away to how the hornbill uses its large beak, the main content features some of nature's most interesting bodies. Colorful, up-close photographs and concise fact boxes introduce readers to many kinds of animal habitats, behaviors, and life cycles.
650 _aAnimals
_vEducation
_xNature
_yANIMAL FOCUS
942 _2ddc
_cBK
_n0
999 _c8504
_d8504